000 00338nam a2200133Ia 4500
008 240624s9999 xx 000 0 und d
041 _aeng
082 _a658 KOC
100 _aKOCH JIM
245 _aQUENCH YOUR OWN THIRST BUSINESS LESSONS
260 _c2016
_aNew York
_bFlatiron Books
300 _aix, 259 p.; 23 cm.
365 _c
_b33
999 _c32382
_d32382